| 000 | 00466nam a2200169Ia 4500 | ||
|---|---|---|---|
| 003 | IN-BaIIA | ||
| 008 | 211028s9999 xx 000 0 eng d | ||
| 020 | _a0-521-78093-4 | ||
| 040 | _cIIA Library | ||
| 080 |
_a(031)523.9 _bLAN |
||
| 100 |
_aLang, K. R _913479 |
||
| 245 | 4 |
_aThe Cambridge encyclopedia of the sun _cK. R. Lang |
|
| 260 |
_aCambridge _bCambridge University Press _c2001 |
||
| 300 | _axi, 256p. | ||
| 650 |
_aSun - encyclopedia _925105 |
||
| 942 | _cBK | ||
| 999 |
_c14221 _d14221 |
||